Presence of the absent: The case of Punjab tribes (Record no. 517284)

000 -LEADER
fixed length control field 00410nam a22001337a 4500
008 - FIXED-LENGTH DATA ELEMENTS--GENERAL INFORMATION
fixed length control field 210708b ||||| |||| 00| 0 eng d
100 ## - MAIN ENTRY--PERSONAL NAME
Personal name Singh, Birinder Pal
245 ## - TITLE STATEMENT
Title Presence of the absent: The case of Punjab tribes
260 ## - PUBLICATION, DISTRIBUTION, ETC. (IMPRINT)
Place of publication, distribution, etc Social Scientist
300 ## - PHYSICAL DESCRIPTION
Extent 48(9-10), Sep-Oct, 2020: p.55-70
773 ## - HOST ITEM ENTRY
Main entry heading Social Scientist
906 ## - LOCAL DATA ELEMENT F, LDF (RLIN)
Subject DIP TRIBAL DEVELOPMENT - PUNJAB - INDIA
942 ## - ADDED ENTRY ELEMENTS (KOHA)
Item type Articles
Holdings
Withdrawn status Lost status Source of classification or shelving scheme Damaged status Not for loan Permanent location Current location Date acquired Serial Enumeration / chronology Barcode Date last seen Koha item type
          Indian Institute of Public Administration Indian Institute of Public Administration 2021-07-08 48(9-10), Sep-Oct, 2020: p.55-70 AR124626 2021-07-08 Articles

Powered by Koha